| Поле | Инд. | ПП | Название | Значение |
|---|---|---|---|---|
| Тип записи | a | |||
| Библиографический уровень | m | |||
| 001 | Контрольный номер | 883af5f6-1def-44eb-adc9-c0bd8ec8d920 | ||
| 005 | Дата корректировки | 20140226213133.1 | ||
| 008 | Кодируемые данные | 010402 d | ||
| 020 | c | Цена, тираж | 38.00 | |
| 040 | a | Служба первич. каталог. | НБ ТвГУ | |
| 041 | a | Код языка текста | rus | |
| 080 | a | Индекс УДК | 159.9(470)(091)"18/19" | |
| 084 | a | Индекс другой классификации/Индекс ББК | Ю91(2) | |
| 090 | x | Авторский знак | Н34 | |
| a | Полочн. индекс | Ю91(2) | ||
| 245 | 10 | a | Заглавие | Научно-исследовательские материалы по истории российской психологии |
| n | Номер части/ раздела | Т. 2 | ||
| b | Продолж. заглавия | [Сб. ст. : Посвящ. 150-летию со дня рождения П.Ф. Каптерева] | ||
| c | Ответственность | Междунар. Акад. психол. наук. Твер. гос. ун-т. Яросл. гос. ун-т. 5- й Центр. Воен. Клинич. госпиталь ВВС. Науч.-метод. лаб. мед.- психол. коррекции и реабилитации МО РФ; [Отв. ред.: В.В. Новиков, А.Ф. Шикун] | ||
| 260 | 0_ | a | Место издания | Ярославль |
| a | Место издания | Тверь | ||
| b | Издательство | Лилия | ||
| c | Дата издания | 1999 | ||
| 300 | a | Объем | 623 с. | |
| b | Иллюстрации/ тип воспроизводства | 1 л. портр. | ||
| 504 | a | Библиография | Библиогр. в конце работ. | |
| 583 | a | Действие | Получение впервые 36 10.02.2000 | |
| k | Исполнитель действия | Дар Шикуна А.Ф. | ||
| 583 | a | Действие | Приписка 242 25.05.2004 | |
| k | Исполнитель действия | Дар ректората | ||
| 583 | a | Действие | Приписка 299 19.07.2004 | |
| k | Исполнитель действия | Дар читателя | ||
| 650 | a | Основная рубрика | Психология | |
| x | Основная подрубрика | История | ||
| y | Хронологическая подрубрика | 19-20 вв. | ||
| z | Географическая подрубрика | Россия | ||
| z | Географическая подрубрика | СССР | ||
| 653 | a | Ключевые слова | История психологии | |
| a | Ключевые слова | Психологи | ||
| a | Ключевые слова | Психология в России | ||
| a | Ключевые слова | Каптерев | ||
| 700 | 1_ | a | Другие авторы | Шикун Алексей Федорович |
| e | Роль лиц | отв. ред. | ||
| 700 | 1_ | a | Другие авторы | Новиков В. В. |
| e | Роль лиц | отв. ред. | ||
| 852 | t | Порядковый номер экземпляра | 1 | |
| p | Инвентарный номер | 719632 | ||
| 852 | t | Порядковый номер экземпляра | 1 | |
| p | Инвентарный номер | 785415 103.00 | ||
| 852 | t | Порядковый номер экземпляра | 1 | |
| p | Инвентарный номер | 787481 103.00 | ||
| 863 | t | 00024012 | ||
| 888 | a | Бесплатные | ||
| 952 | p | 36.2000 38.00 1 719632 | ||
| p | 242.2004 103.00 1 785415 | |||
| p | 299.2004 103.00 1 787481 | |||
| c | Вид литературы | К рн | ||
| 954 | a | Дата поступления на обработку | 20000221 | |
| 999 | a | Подразделение 2 | ч.з. | |
| a | Подразделение 2 | Фил2 | ||
| a | Подразделение 2 | аб. |